[Event "Heraklion op 19th"]
[Site "Heraklion"]
[Date "2017.01.07"]
[Round "7"]
[White "Papidakis, Georgios"]
[Black "Kealar, Konstantinos"]
[Result "1-0"]
[WhiteElo "1503"]
[BlackElo "1305"]
[PlyCount "53"]
[EventDate "2017.01.02"]
[EventType "swiss"]
[EventRounds "9"]
[EventCountry "GRE"]
[SourceTitle "CBM 176 Extra"]
[Source "ChessBase"]
[SourceDate "2017.03.02"]
[SourceVersion "1"]
[SourceVersionDate "2017.03.02"]
[SourceQuality "1"]

1. Nf3 f5 2. d3 Nf6 3. e4 fxe4 4. dxe4 Nxe4 5. Bd3 Nf6 6. Ng5 g6 7. h4 d6 8. h5 Bg4 9. f3 Bf5 10. hxg6 Qd7 11. gxh7 Nc6 12. g4 Bxd3 13. Qxd3 Ne5 14. Qe2 Qc6 15. Rh3 Qb6 16. Nc3 Nf7 17. Nxf7 Kxf7 18. Qh2 Kg6 19. Ne2 e5 20. f4 Rxh7 21. f5+ Kg7 22. Rxh7+ Nxh7 23. g5 Qb4+ 24. c3 Qg4 25. g6 Ng5 26. Bxg5 Qxg5 27. Qh7+ 1-0

[Event "Heraklio SOI op 10th"]
[Site "Heraklion"]
[Date "2014.01.03"]
[Round "3"]
[White "Kealar, Konstantinos"]
[Black "Mardoyan Ararat, T Artur"]
[Result "0-1"]
[WhiteElo "1130"]
[BlackElo "1408"]
[PlyCount "30"]
[EventDate "2014.01.09"]
[EventType "swiss"]
[EventRounds "7"]
[EventCountry "GRE"]
[SourceTitle "EXT 2024"]
[Source "ChessBase"]
[SourceDate "2023.10.10"]
[SourceVersion "1"]
[SourceVersionDate "2023.10.10"]
[SourceQuality "1"]

1. d4 Nf6 2. c4 e6 3. Nf3 d5 4. Nc3 Bb4 5. Ne5 Ne4 6. Qa4+ Nc6 7. Nxc6 Bxc3+ 8. bxc3 bxc6 9. Bb2 Rb8 10. Qc2 0-0 11. f3 Qh4+ 12. Kd1 Nf2+ 13. Kc1 Nxh1 14. Ba3 Qe1+ 15. Qd1 Qxc3+ 0-1